000 00757nam a2200253Ia 4500
003 OSt
005 20230831114437.0
008 210716s2010 xx 000 0 und d
020 _a9788126515714
040 _cAIMIT LIBRARY
041 _aeng
082 _a005.44
_21
_bMATN
100 _aMatthew, Neil.
_9131823
245 _aBeginning linux programming /
_cby Neil Matthew and Stones, Richard.
250 _a4th ed.
260 _aNew Delhi :
_bWiley India Pvt Ltd ,
_c2010.
300 _axxx,780 p.;
_bPB
_c24.5 cm.
650 _aLinux environment
_9131824
650 _aData management
_9131825
650 _aProcesses and signals
_9131826
650 _aSockets
_9131827
700 _aStones, Richard.
_9131923
942 _2ddc
_cBK
_e4th
_k005.44 MATN
999 _c196998
_d196998